Wailing won't work! / (Record no. 155674)
[ view plain ]
| 000 -LEADER | |
|---|---|
| fixed length control field | 00760cam a22002293a 4500 |
| 005 - DATE AND TIME OF LATEST TRANSACTION | |
| control field | 20180808161354.0 |
| 010 ## - LCCN (DPL NO) | |
| LC control number | B-701245-246 |
| 020 ## - INTERNATIONAL STANDARD BOOK NUMBER | |
| International Standard Book Number | 9789386106780 |
| Terms of availability | 125.00 |
| 035 ## - SYSTEM CONTROL NUMBER | |
| System control number | B-701245-246 |
| 037 ## - SOURCE OF ACQUISITION | |
| Source of stock number/acquisition | DBAD |
| 082 ## - DEWEY DECIMAL CLASSIFICATION NUMBER | |
| Classification number | S |
| 100 ## - MAIN ENTRY--PERSONAL NAME | |
| Personal name | Auntie, Kimmie |
| 245 ## - TITLE STATEMENT | |
| Title | Wailing won't work! / |
| Statement of responsibility, etc | by Kimmie Auntie illustrated by Ayeshe Sadr & Ishaan Dasgupta |
| 260 ## - PUBLICATION, DISTRIBUTION, ETC. (IMPRINT) | |
| Place of publication, distribution, etc | Gurgaon |
| Name of publisher, distributor, etc | Scholastic Inc. |
| Date of publication, distribution, etc | 2016 |
| 270 ## - ADDRESS | |
| Address | A-27, Ground Floor, Sigma Centre, Infocity, Sector-34 |
| City | Gurgaon |
| Postal code | 122001 |
| 300 ## - PHYSICAL DESCRIPTION | |
| Extent | 24.p. |
| Dimensions | 24cm. (pbk) |
| Other physical details | illus. |
| 490 ## - SERIES STATEMENT | |
| Series statement | The best me! "behaviour" |
| 700 ## - ADDED ENTRY--PERSONAL NAME | |
| Personal name | Sadr, Ayeshe |
| 700 ## - ADDED ENTRY--PERSONAL NAME | |
| Personal name | Dasgupta, Ishaan |
| 942 ## - ADDED ENTRY ELEMENTS (KOHA) | |
| Source of classification or shelving scheme | Dewey Decimal Classification |
| Item type | Children Books |
| Classification part | S |
| Call number suffix | AUN |
| Withdrawn status | Lost status | Not for loan | Collection code | Home library | Current library | Date acquired | Source of acquisition | Cost, normal purchase price | Full call number | Barcode | Copy number | Cost, replacement price | Koha item type |
|---|---|---|---|---|---|---|---|---|---|---|---|---|---|
| Fiction | Ashok Vihar | Ashok Vihar | 08/08/2018 | DBAD/Children/Gift/02.08.2018 | 125.00 | S AUN | B-701245 | 2 | 125.00 | Children Books | |||
| Fiction | Ashok Vihar | Ashok Vihar | 08/08/2018 | DBAD/Children/Gift/02.08.2018 | 125.00 | S AUN | B-701246 | 2 | 125.00 | Children Books |
